[Event "BEL-ch op"]
[Site "Antwerp"]
[Date "2013.07.14"]
[Round "9"]
[White "Meysman, Marc"]
[Black "Decrop, Benjamin"]
[Result "0-1"]
[WhiteElo "1818"]
[BlackElo "1945"]
[PlyCount "62"]
[EventDate "2013.07.06"]
[EventType "swiss"]
[EventRounds "9"]
[EventCountry "BEL"]
[SourceTitle "CBM 155 Extra"]
[Source "ChessBase"]
[SourceDate "2013.08.26"]
[SourceVersion "1"]
[SourceVersionDate "2013.08.26"]
[SourceQuality "1"]

1. c4 Nf6 2. Nc3 g6 3. g3 Bg7 4. Bg2 0-0 5. Nf3 d6 6. 0-0 Nc6 7. d4 a6 8. d5 Na5 9. Qd3 c5 10. e4 Rb8 11. e5 Ng4 12. exd6 exd6 13. h3 Ne5 14. Nxe5 Bxe5 15. Rb1 b5 16. cxb5 Bf5 17. Ne4 axb5 18. g4 c4 19. Qc2 Bxe4 20. Bxe4 Qh4 21. Bg2 b4 22. Be3 b3 23. axb3 Rxb3 24. Rfd1 Rfb8 25. Bd4 Bxd4 26. Rxd4 c3 27. Rd3 Rxb2 28. Rxb2 cxb2 29. Rd1 Qd8 30. Rb1 Qb6 31. Bf1 Qb4 0-1